[Event "Titled Tuesday intern op 16th Jan Late"]
[Site "Chess.com INT"]
[Date "2024.01.16"]
[Round "3"]
[White "Schnaider, Ilan"]
[Black "Meunier Pion, Jean"]
[Result "1-0"]
[WhiteElo "2323"]
[BlackElo "2198"]
[PlyCount "89"]
[EventDate "2024.01.16"]
[EventType "swiss (blitz)"]
[EventRounds "11"]
[EventCountry "USA"]
[SourceTitle "CB04_2024"]
[SourceDate "2023.10.16"]
[SourceVersion "1"]
[SourceVersionDate "2023.10.16"]
[SourceQuality "1"]

1. e4 e5 2. Nf3 Nc6 3. d4 exd4 4. Nxd4 Nf6 5. Nxc6 bxc6 6. e5 Qe7 7. Qe2 Nd5 8. h4 g6 9. c4 Ba6 10. Qe4 f5 11. Qd4 Nb4 12. Na3 Bg7 13. Bd2 Bxe5 14. Qe3 c5 15. 0-0-0 Rb8 16. Kb1 0-0 17. Re1 Rfe8 18. h5 f4 19. Qh3 Qg7 20. Nb5 Bxb2 21. Bd3 Nxd3 22. Qxd3 Bxb5 23. cxb5 c6 24. hxg6 Rxb5 25. Rxe8+ Qf8 26. Rxf8+ Kxf8 27. Qxb5 cxb5 28. Kxb2 hxg6 29. Bxf4 Kg7 30. Bg5 Kf7 31. f4 c4 32. Kc3 d5 33. a3 Ke6 34. Kd4 Kd6 35. Rh6 a5 36. Rxg6+ Kc7 37. Kxd5 Kb7 38. Kc5 a4 39. Kxb5 c3 40. Rc6 c2 41. Rxc2 Ka7 42. Rc7+ Ka8 43. Kb6 Kb8 44. Rc6 Ka8 45. Rc8# 1-0

[Event "Titled Tuesday intern op 23rd May Late"]
[Site "Chess.com INT"]
[Date "2023.05.23"]
[Round "3"]
[White "Cagara, Paulina"]
[Black "Meunier Pion, Jean"]
[Result "1-0"]
[WhiteElo "2089"]
[BlackElo "2213"]
[PlyCount "97"]
[EventDate "2023.05.23"]
[EventType "swiss (blitz)"]
[EventRounds "11"]
[EventCountry "USA"]
[SourceTitle "EXT 2024"]
[Source "ChessBase"]
[SourceDate "2023.10.10"]
[SourceVersion "1"]
[SourceVersionDate "2023.10.10"]
[SourceQuality "1"]

1. e4 e5 2. Nf3 Nc6 3. c3 d5 4. Qa4 dxe4 5. Nxe5 Bd7 6. Nxd7 Qxd7 7. Qxe4+ Be7 8. Bb5 Nf6 9. Bxc6 bxc6 10. Qe2 0-0 11. d4 c5 12. Be3 Rfe8 13. 0-0 cxd4 14. Bxd4 c5 15. Be3 Qa4 16. b3 Qh4 17. g3 Qh3 18. Qf3 Ng4 19. Qg2 Qxg2+ 20. Kxg2 Nxe3+ 21. fxe3 Bg5 22. Na3 Rxe3 23. Rae1 Rxc3 24. Re2 Rd8 25. Nb5 Rcd3 26. Nxa7 h5 27. Nc6 R8d6 28. Ne5 Rd2 29. Rfe1 Ra6 30. Nc4 Rxe2+ 31. Rxe2 Bf6 32. Kf3 Bd4 33. g4 Rf6+ 34. Kg3 Rg6 35. h3 hxg4 36. hxg4 f5 37. a4 Rxg4+ 38. Kf3 Rh4 39. Rg2 Kf7 40. a5 Rh6 41. Kf4 Rf6 42. Ra2 g5+ 43. Kxg5 f4 44. a6 f3 45. a7 Rg6+ 46. Kf5 Rf6+ 47. Ke4 Re6+ 48. Kd5 Rf6 49. a8Q 1-0

[Event "Titled Tuesday intern op 02nd May Late"]
[Site "Chess.com INT"]
[Date "2023.05.02"]
[Round "7"]
[White "Meunier Pion, Jean"]
[Black "Bogaudinov, Rushan"]
[Result "1-0"]
[WhiteElo "2213"]
[BlackElo "1939"]
[PlyCount "45"]
[EventDate "2023.05.02"]
[EventType "swiss (blitz)"]
[EventRounds "11"]
[EventCountry "USA"]
[SourceTitle "EXT 2024"]
[Source "ChessBase"]
[SourceDate "2023.10.10"]
[SourceVersion "1"]
[SourceVersionDate "2023.10.10"]
[SourceQuality "1"]

1. d4 Nf6 2. c4 e6 3. g3 d5 4. Bg2 Bb4+ 5. Bd2 a5 6. Nf3 0-0 7. 0-0 dxc4 8. a3 Be7 9. e3 b5 10. Ne5 Nd5 11. e4 Nf6 12. Be3 a4 13. Nc3 c6 14. d5 Bb7 15. dxe6 fxe6 16. Bh3 Qc8 17. Ne2 Na6 18. Nf4 Nc7 19. Bb6 Nxe4 20. Bxc7 Qxc7 21. Bxe6+ Kh8 22. Nfg6+ hxg6 23. Nxg6+ 1-0

[Event "Titled Tuesday intern op 02nd May Late"]
[Site "Chess.com INT"]
[Date "2023.05.02"]
[Round "3"]
[White "Meunier Pion, Jean"]
[Black "Gabr, Mohsen"]
[Result "1-0"]
[WhiteElo "2213"]
[BlackElo "2200"]
[PlyCount "59"]
[EventDate "2023.05.02"]
[EventType "swiss (blitz)"]
[EventRounds "11"]
[EventCountry "USA"]
[SourceTitle "EXT 2024"]
[Source "ChessBase"]
[SourceDate "2023.10.10"]
[SourceVersion "1"]
[SourceVersionDate "2023.10.10"]
[SourceQuality "1"]

1. e4 d6 2. d4 g6 3. Nc3 Bg7 4. Bc4 c6 5. Be3 Nd7 6. f4 b5 7. Bd3 b4 8. Nce2 c5 9. c3 a5 10. Nf3 Qc7 11. 0-0 Ngf6 12. h3 Bb7 13. d5 0-0 14. c4 a4 15. Qd2 Nb6 16. Rac1 e6 17. dxe6 fxe6 18. Ng5 Rae8 19. f5 exf5 20. exf5 Qe7 21. Ne6 gxf5 22. Bxf5 Be4 23. Nxg7 Qxg7 24. Bxe4 Nxe4 25. Qd3 Rxf1+ 26. Rxf1 Qxb2 27. Bh6 Qe5 28. Qf3 Qe6 29. Qf8+ Rxf8 30. Rxf8# 1-0

[Event "Titled Tuesday intern op 02nd May Late"]
[Site "Chess.com INT"]
[Date "2023.05.02"]
[Round "8"]
[White "Meunier Pion, Jean"]
[Black "Nasir, Zehn"]
[Result "0-1"]
[WhiteElo "2213"]
[BlackElo "2057"]
[PlyCount "76"]
[EventDate "2023.05.02"]
[EventType "swiss (blitz)"]
[EventRounds "11"]
[EventCountry "USA"]
[SourceTitle "EXT 2024"]
[Source "ChessBase"]
[SourceDate "2023.10.10"]
[SourceVersion "1"]
[SourceVersionDate "2023.10.10"]
[SourceQuality "1"]

1. d4 Nf6 2. c4 e5 3. dxe5 Ng4 4. Nf3 Bc5 5. e3 Nc6 6. Be2 Ngxe5 7. 0-0 0-0 8. Nc3 Re8 9. a3 a5 10. Nd4 Qh4 11. f4 Ng6 12. g3 Qd8 13. Nd5 Nxd4 14. exd4 Bxd4+ 15. Qxd4 Rxe2 16. Be3 Ne7 17. Nc3 Nf5 18. Nxe2 Nxd4 19. Bxd4 d6 20. f5 f6 21. Rae1 Bd7 22. Bc3 Qf8 23. Nf4 Bxf5 24. Nd5 Bd3 25. Rf4 Re8 26. Rd1 Bc2 27. Rc1 Re2 28. Nxc7 Qc8 29. Nd5 Qh3 30. Rf2 Rxf2 31. Kxf2 Qxh2+ 32. Kf3 Qh5+ 33. Kf2 Qf5+ 34. Kg1 Qd3 35. Re1 Qxg3+ 36. Kf1 Bd3+ 37. Re2 Qf3+ 38. Kg1 Bxe2 0-1

[Event "Titled Tuesday intern op 25th Apr Late"]
[Site "Chess.com INT"]
[Date "2023.04.25"]
[Round "6"]
[White "Meunier Pion, Jean"]
[Black "Szajbely, Zsigmond"]
[Result "1-0"]
[WhiteElo "2215"]
[BlackElo "2243"]
[PlyCount "61"]
[EventDate "2023.04.25"]
[EventType "swiss (blitz)"]
[EventRounds "11"]
[EventCountry "USA"]
[SourceTitle "EXT 2024"]
[Source "ChessBase"]
[SourceDate "2023.10.10"]
[SourceVersion "1"]
[SourceVersionDate "2023.10.10"]
[SourceQuality "1"]

1. d4 c5 2. d5 Nf6 3. c4 e6 4. Nc3 exd5 5. cxd5 d6 6. Nf3 g6 7. h3 Bg7 8. e4 0-0 9. Be2 Re8 10. Nd2 Nbd7 11. 0-0 b6 12. Bb5 a6 13. Bc6 Rb8 14. f4 Qc7 15. a4 Bb7 16. Bxb7 Rxb7 17. Qe2 Nxe4 18. Ndxe4 f5 19. Qf3 fxe4 20. Nxe4 b5 21. Ng5 Bd4+ 22. Kh1 Nf8 23. f5 gxf5 24. Qxf5 Qg7 25. axb5 Re5 26. Qc8 Rc7 27. Qxa6 Rxg5 28. Bxg5 Qxg5 29. Qxd6 Qg7 30. Rxf8+ Qxf8 31. Qxc7 1-0

[Event "Titled Tuesday intern op 18th Apr Late"]
[Site "Chess.com INT"]
[Date "2023.04.18"]
[Round "11"]
[White "Meunier Pion, Jean"]
[Black "Jelcic, Marko"]
[Result "1-0"]
[WhiteElo "2215"]
[BlackElo "2201"]
[PlyCount "59"]
[EventDate "2023.04.18"]
[EventType "swiss (blitz)"]
[EventRounds "11"]
[EventCountry "USA"]
[SourceTitle "EXT 2024"]
[Source "ChessBase"]
[SourceDate "2023.10.10"]
[SourceVersion "1"]
[SourceVersionDate "2023.10.10"]
[SourceQuality "1"]

1. e4 e5 2. Nf3 Nc6 3. Bb5 a6 4. Ba4 Nf6 5. d3 d6 6. c3 Be7 7. 0-0 0-0 8. Re1 b5 9. Bc2 d5 10. a4 dxe4 11. dxe4 Qxd1 12. Rxd1 Bb7 13. h3 Rfd8 14. Rxd8+ Rxd8 15. axb5 axb5 16. Be3 b4 17. Nbd2 h6 18. Nc4 Bd6 19. Kf1 Kf8 20. Ke2 Ke7 21. Nh4 Bc8 22. Nxd6 cxd6 23. Bb6 Rd7 24. Nf5+ Ke6 25. Nxg7+ Ke7 26. Nf5+ Ke6 27. Ra8 Rb7 28. Rxc8 Rxb6 29. Rc7 b3 30. Ng7# 1-0

[Event "Titled Tuesday intern op 04th Apr Late"]
[Site "Chess.com INT"]
[Date "2023.04.04"]
[Round "11"]
[White "Meunier Pion, Jean"]
[Black "Popov, Maksim1111"]
[Result "1/2-1/2"]
[WhiteElo "2215"]
[BlackElo "2396"]
[PlyCount "75"]
[EventDate "2023.04.04"]
[EventType "swiss (blitz)"]
[EventRounds "11"]
[EventCountry "USA"]
[SourceTitle "EXT 2024"]
[Source "ChessBase"]
[SourceDate "2023.10.10"]
[SourceVersion "1"]
[SourceVersionDate "2023.10.10"]
[SourceQuality "1"]

1. d4 Nf6 2. c4 g6 3. g3 Bg7 4. Bg2 0-0 5. Nc3 d6 6. Nf3 c5 7. h3 Nc6 8. d5 Na5 9. Nd2 e6 10. 0-0 exd5 11. cxd5 a6 12. a4 Rb8 13. e4 b5 14. axb5 axb5 15. e5 dxe5 16. Nde4 Nxe4 17. Nxe4 c4 18. Bg5 f6 19. Be3 Nb3 20. Ra7 Rf7 21. Rxf7 Kxf7 22. f4 f5 23. fxe5 Bxe5 24. Ng5+ Kg7 25. h4 Qf6 26. h5 Bd4 27. h6+ Kxh6 28. Qe1 Qxg5 29. Bxd4 Nxd4 30. Qe5 Qxg3 31. Qxd4 Bd7 32. Rf3 Qe1+ 33. Kh2 Re8 34. Rh3+ Kg5 35. Rg3+ Kh6 36. Rh3+ Kg5 37. Rg3+ Kh6 38. Rh3+ 1/2-1/2

[Event "Titled Tuesday intern op 04th Apr Late"]
[Site "Chess.com INT"]
[Date "2023.04.04"]
[Round "10"]
[White "Meunier Pion, Jean"]
[Black "Skvortsov, Andrei"]
[Result "1-0"]
[WhiteElo "2215"]
[BlackElo "2313"]
[PlyCount "93"]
[EventDate "2023.04.04"]
[EventType "swiss (blitz)"]
[EventRounds "11"]
[EventCountry "USA"]
[SourceTitle "EXT 2024"]
[Source "ChessBase"]
[SourceDate "2023.10.10"]
[SourceVersion "1"]
[SourceVersionDate "2023.10.10"]
[SourceQuality "1"]

1. d4 d5 2. c4 c6 3. Nc3 Nf6 4. e3 Bf5 5. cxd5 cxd5 6. Qb3 Qd7 7. Nf3 Nc6 8. Ne5 Qc7 9. Nxd5 Nxd5 10. Qxd5 Nxe5 11. Qxe5 Qxe5 12. dxe5 0-0-0 13. f3 Bd3 14. Bxd3 Rxd3 15. Ke2 Rd5 16. e4 Rxe5 17. Bf4 Rc5 18. Rac1 Rc6 19. b4 a6 20. a4 e5 21. b5 Rxc1 22. Rxc1+ Kd7 23. Bxe5 axb5 24. axb5 f6 25. Bf4 b6 26. Rc7+ Ke6 27. Rc6+ Kd7 28. Rxb6 Be7 29. Rb7+ Ke6 30. Bd2 Ra8 31. f4 Ra2 32. Kd3 g6 33. f5+ gxf5 34. exf5+ Kxf5 35. Rxe7 Rb2 36. Rxh7 Ke6 37. Rh5 f5 38. g3 Rb3+ 39. Kc4 Rb2 40. Bc3 Rb1 41. Rh6+ Kd7 42. b6 Kc8 43. Kd5 Kb7 44. Bd4 Rb5+ 45. Bc5 f4 46. Rh7+ Kb8 47. Kc6 1-0

[Event "Titled Tuesday intern op 28th Mar Early"]
[Site "Chess.com INT"]
[Date "2023.03.28"]
[Round "2"]
[White "Meunier Pion, Jean"]
[Black "Bashirli, Nail Qoshqar"]
[Result "0-1"]
[WhiteElo "2207"]
[BlackElo "2343"]
[PlyCount "102"]
[EventDate "2023.03.28"]
[EventType "swiss (blitz)"]
[EventRounds "11"]
[EventCountry "USA"]
[SourceTitle "EXT 2024"]
[Source "ChessBase"]
[SourceDate "2023.10.10"]
[SourceVersion "1"]
[SourceVersionDate "2023.10.10"]
[SourceQuality "1"]

1. d4 Nf6 2. c4 e6 3. g3 Bb4+ 4. Bd2 Qe7 5. Bg2 0-0 6. Nc3 d6 7. Nf3 e5 8. 0-0 Re8 9. d5 c6 10. Bg5 h6 11. Bxf6 Qxf6 12. e4 Bg4 13. Qd3 Nd7 14. Na4 Nc5 15. Nxc5 Bxc5 16. b4 Bxb4 17. Rab1 a5 18. a3 Bc5 19. Rxb7 cxd5 20. cxd5 Reb8 21. Rfb1 Rxb7 22. Rxb7 Rc8 23. h3 Bxf3 24. Bxf3 Bd4 25. Kg2 Rc3 26. Qe2 Rxa3 27. Bg4 g6 28. h4 h5 29. Bd7 Kf8 30. Bc6 a4 31. Rb8+ Kg7 32. Rb7 Rb3 33. Rxb3 axb3 34. Ba4 b2 35. Bc2 Qd8 36. Qd3 Qa5 37. Qe2 Qc3 38. Qd1 Qc4 39. Kg1 Qc5 40. Kg2 Bxf2 41. Qe2 Bd4 42. Kh3 Qc3 43. Bb1 Be3 44. Qf3 Qe1 45. Bd3 Bd4 46. Bc2 b1Q 47. Bxb1 Qxb1 48. Qg2 Qd3 49. Qh1 Qe2 50. Qb1 Be3 51. Qh1 Qf2 0-1

[Event "Titled Tuesday intern op 28th Mar Early"]
[Site "Chess.com INT"]
[Date "2023.03.28"]
[Round "11"]
[White "Torres Dominguez, David"]
[Black "Meunier Pion, Jean"]
[Result "1-0"]
[WhiteElo "1998"]
[BlackElo "2207"]
[PlyCount "195"]
[EventDate "2023.03.28"]
[EventType "swiss (blitz)"]
[EventRounds "11"]
[EventCountry "USA"]
[SourceTitle "EXT 2024"]
[Source "ChessBase"]
[SourceDate "2023.10.10"]
[SourceVersion "1"]
[SourceVersionDate "2023.10.10"]
[SourceQuality "1"]

1. e4 c5 2. Nc3 d6 3. Nf3 Nf6 4. d4 cxd4 5. Nxd4 a6 6. f4 e5 7. Nf3 Nbd7 8. a4 Be7 9. Bd3 0-0 10. 0-0 exf4 11. Bxf4 Qb6+ 12. Kh1 Qxb2 13. Qe1 Qb6 14. Rb1 Qd8 15. Nh4 Nc5 16. Nf3 Bd7 17. Nd4 Re8 18. Bg5 Nfxe4 19. Bxe7 Qxe7 20. Nxe4 Nxe4 21. Rxb7 Nc5 22. Qxe7 Rxe7 23. Rc7 Rae8 24. Nc6 Re1 25. Kg1 Rxf1+ 26. Kxf1 Kf8 27. Bxa6 Be6 28. Bb5 Ra8 29. Nd4 Bd5 30. Nf5 Nxa4 31. Bxa4 Be6 32. Bd7 Ra1+ 33. Kf2 Bxf5 34. Bxf5 g6 35. Bd3 Kg7 36. Rc6 Ra5 37. Rxd6 h5 38. Rd4 Rc5 39. h4 Re5 40. g3 f6 41. Rd7+ Kh6 42. Rd6 Kg7 43. Rc6 g5 44. hxg5 fxg5 45. Kf3 h4 46. gxh4 gxh4 47. Rg6+ Kf7 48. Rh6 Ke7 49. Rxh4 Kd6 50. Rd4+ Kc5 51. Re4 Rh5 52. Kf4 Rh4+ 53. Ke3 Rh3+ 54. Kd2 Rg3 55. Kc3 Rh3 56. Re5+ Kd6 57. Rf5 Rh4 58. Rf3 Kc5 59. Re3 Rg4 60. Re4 Rg3 61. Re5+ Kd6 62. Rb5 Kc6 63. Rb4 Kc5 64. Rc4+ Kd5 65. Kb4 Rg1 66. Be4+ Kd6 67. Bd3 Re1 68. Kc3 Rg1 69. Rh4 Rg5 70. Be2 Kc5 71. Rh5 Rxh5 72. Bxh5 Kd5 73. Be2 Kc5 74. Bd3 Kd6 75. Be2 Kc5 76. Kd2 Kd5 77. c3 Kc5 78. Kd3 Kd5 79. c4+ Kc5 80. Kc3 Kd6 81. Kd4 Kc6 82. c5 Kd7 83. Bf3 Kc7 84. Kd5 Kd7 85. c6+ Kc7 86. Kc5 Kc8 87. Kd6 Kd8 88. Bg4 Ke8 89. c7 Kf8 90. c8Q+ Kg7 91. Qd7+ Kg6 92. Qf5+ Kh6 93. Qh5+ Kg7 94. Ke6 Kg8 95. Qf7+ Kh8 96. Qe7 Kg8 97. Kf6 Kh8 98. Qg7# 1-0

[Event "Titled Tuesday intern op 21st Mar Early"]
[Site "Chess.com INT"]
[Date "2023.03.21"]
[Round "8"]
[White "Horak, Martin"]
[Black "Meunier Pion, Jean"]
[Result "0-1"]
[WhiteElo "2238"]
[BlackElo "2207"]
[PlyCount "60"]
[EventDate "2023.03.21"]
[EventType "swiss (blitz)"]
[EventRounds "11"]
[EventCountry "USA"]
[SourceTitle "EXT 2024"]
[Source "ChessBase"]
[SourceDate "2023.10.10"]
[SourceVersion "1"]
[SourceVersionDate "2023.10.10"]
[SourceQuality "1"]

1. d4 d5 2. c4 c6 3. Nf3 Nf6 4. e3 a6 5. Qb3 e6 6. Be2 c5 7. 0-0 Nc6 8. cxd5 exd5 9. Nc3 c4 10. Qd1 Bf5 11. a3 Bd6 12. Nh4 Bg6 13. Nxg6 hxg6 14. h3 Qd7 15. Bg4 Nxg4 16. Qxg4 Qxg4 17. hxg4 Bh2+ 18. Kh1 0-0-0 19. g3 Bxg3+ 20. Kg2 Bc7 21. Bd2 f5 22. Rh1 Rhf8 23. f4 g5 24. Ne2 gxf4 25. exf4 fxg4 26. Rh7 Rde8 27. Kf2 g5 28. Rg1 gxf4 29. Rxg4 f3 30. Rgg7 fxe2+ 0-1

[Event "Titled Tuesday intern op 21st Mar Early"]
[Site "Chess.com INT"]
[Date "2023.03.21"]
[Round "7"]
[White "Kim, Sergey2222"]
[Black "Meunier Pion, Jean"]
[Result "1-0"]
[WhiteElo "2295"]
[BlackElo "2207"]
[PlyCount "97"]
[EventDate "2023.03.21"]
[EventType "swiss (blitz)"]
[EventRounds "11"]
[EventCountry "USA"]
[SourceTitle "EXT 2024"]
[Source "ChessBase"]
[SourceDate "2023.10.10"]
[SourceVersion "1"]
[SourceVersionDate "2023.10.10"]
[SourceQuality "1"]

1. d4 Nf6 2. c4 e6 3. Nc3 Bb4 4. Qc2 0-0 5. a3 Bxc3+ 6. Qxc3 d5 7. Nf3 b6 8. g3 dxc4 9. Qxc4 Ba6 10. Qc2 c5 11. dxc5 Nbd7 12. c6 Rc8 13. Bg2 Qc7 14. Nd4 e5 15. Nf5 Nb8 16. 0-0 Kh8 17. Bg5 Nxc6 18. Bxf6 gxf6 19. Rac1 Bb7 20. Qa4 Qd7 21. Qg4 Rg8 22. Qh3 Rg5 23. Nh6 Qxh3 24. Bxh3 Rf8 25. Bg2 Nd4 26. Bxb7 Nxe2+ 27. Kg2 Nxc1 28. Rxc1 Kg7 29. h4 Kxh6 30. hxg5+ fxg5 31. Rc7 Kg6 32. g4 a5 33. Be4+ Kg7 34. Rb7 Rd8 35. Rxb6 Rd4 36. f3 Rd2+ 37. Kg3 Rd1 38. Rb7 Rg1+ 39. Kf2 Rd1 40. b4 Rd2+ 41. Kg3 Ra2 42. bxa5 Rxa3 43. Rb5 h5 44. gxh5 f5 45. Bxf5 g4 46. Bxg4 e4 47. Rb7+ Kh6 48. Rb6+ Kg5 49. Rg6# 1-0

[Event "Titled Tuesday intern op 21st Mar Late"]
[Site "Chess.com INT"]
[Date "2023.03.21"]
[Round "8"]
[White "Meunier Pion, Jean"]
[Black "Harish, Neeraj"]
[Result "1-0"]
[WhiteElo "2207"]
[BlackElo "2127"]
[PlyCount "93"]
[EventDate "2023.03.21"]
[EventType "swiss (blitz)"]
[EventRounds "11"]
[EventCountry "USA"]
[SourceTitle "EXT 2024"]
[Source "ChessBase"]
[SourceDate "2023.10.10"]
[SourceVersion "1"]
[SourceVersionDate "2023.10.10"]
[SourceQuality "1"]

1. d4 d5 2. c4 e6 3. Nf3 Nf6 4. Bg5 Be7 5. e3 h6 6. Bf4 0-0 7. Nc3 c5 8. dxc5 Bxc5 9. Ne5 Nc6 10. Be2 Nxe5 11. Bxe5 dxc4 12. Bxc4 Nd7 13. Bg3 Nb6 14. Bd3 Bd7 15. Qe2 Bc6 16. 0-0 Nd5 17. Ne4 Be7 18. a3 Nf6 19. Nc3 Nd5 20. Rac1 Nxc3 21. Rxc3 Bf6 22. Rc2 Qb6 23. e4 Bd4 24. b4 e5 25. b5 Bd7 26. Kh1 Rac8 27. Rfc1 Rxc2 28. Rxc2 Rc8 29. Rxc8+ Bxc8 30. Bc4 Be6 31. h4 Bxc4 32. Qxc4 Qa5 33. Qc8+ Kh7 34. Qf5+ Kg8 35. Qc8+ Kh7 36. Qf5+ Kg8 37. Bxe5 Qe1+ 38. Kh2 Bxf2 39. Qc8+ Kh7 40. Qf5+ Kg8 41. Qc8+ Kh7 42. Qg4 Bg1+ 43. Kh3 Qe3+ 44. g3 g6 45. h5 Qf2 46. hxg6+ fxg6 47. Qd7+ 1-0

[Event "Titled Tuesday intern op 21st Mar Early"]
[Site "Chess.com INT"]
[Date "2023.03.21"]
[Round "6"]
[White "Meunier Pion, Jean"]
[Black "Janaszak, Dawid"]
[Result "1-0"]
[WhiteElo "2207"]
[BlackElo "2322"]
[PlyCount "75"]
[EventDate "2023.03.21"]
[EventType "swiss (blitz)"]
[EventRounds "11"]
[EventCountry "USA"]
[SourceTitle "EXT 2024"]
[Source "ChessBase"]
[SourceDate "2023.10.10"]
[SourceVersion "1"]
[SourceVersionDate "2023.10.10"]
[SourceQuality "1"]

1. d4 Nf6 2. c4 e6 3. g3 c5 4. d5 b5 5. cxb5 Nxd5 6. Bg2 Bb7 7. Nf3 Qa5+ 8. Nc3 Nxc3 9. bxc3 Qxb5 10. 0-0 Be7 11. Bf4 Qa6 12. h4 0-0 13. h5 d6 14. h6 g6 15. Qd2 Nd7 16. Rfd1 Nf6 17. Bg5 e5 18. Bxf6 Bxf6 19. Qxd6 Rad8 20. Qxc5 Qxe2 21. Re1 Qa6 22. Nxe5 Bxg2 23. Kxg2 Rc8 24. Qb4 Rfe8 25. Ng4 Qc6+ 26. Kh2 Bxc3 27. Rxe8+ Qxe8 28. Qb1 Qe2 29. Kh3 f5 30. Nh2 Qe5 31. Qb3+ Kf8 32. Qa3+ Qc5 33. Qb3 Bxa1 34. Qb7 Qc7 35. Qb4+ Qc5 36. Qb7 Qc7 37. Qb4+ Qe7 38. Qb5 1-0

[Event "Titled Tuesday intern op 21st Mar Late"]
[Site "Chess.com INT"]
[Date "2023.03.21"]
[Round "11"]
[White "Meunier Pion, Jean"]
[Black "Petukhov, Dmitry"]
[Result "1/2-1/2"]
[WhiteElo "2207"]
[BlackElo "2350"]
[PlyCount "180"]
[EventDate "2023.03.21"]
[EventType "swiss (blitz)"]
[EventRounds "11"]
[EventCountry "USA"]
[SourceTitle "EXT 2024"]
[Source "ChessBase"]
[SourceDate "2023.10.10"]
[SourceVersion "1"]
[SourceVersionDate "2023.10.10"]
[SourceQuality "1"]

1. e4 c5 2. Nf3 d6 3. d4 cxd4 4. Nxd4 Nf6 5. Nc3 Nc6 6. Bg5 Bd7 7. Bc4 Qa5 8. Bxf6 gxf6 9. Nb3 Qg5 10. Qd2 Qxg2 11. 0-0-0 h5 12. Kb1 Bh6 13. Qe1 Ne5 14. Bd5 Rg8 15. Qe2 Qf3 16. Qxf3 Nxf3 17. Bxb7 Rb8 18. Ba6 Bc6 19. Be2 Ne5 20. Bxh5 Rg2 21. Rdf1 Bf4 22. h4 Kd7 23. Bd1 Nc4 24. Ka1 Be5 25. Bf3 Rgg8 26. Rfg1 a5 27. Rxg8 Rxg8 28. Nc1 Nxb2 29. Kxb2 Rb8+ 30. Nb3 a4 31. Bg4+ e6 32. h5 axb3 33. axb3 Rc8 34. h6 Bxe4 35. Rh3 Bg2 36. Rd3 Bf1 37. Re3 f5 38. Bh5 Rxc3 39. Rxc3 Ke7 40. h7 Kf8 41. b4 Kg7 42. h8Q+ Kxh8 43. Bxf7 Bc4 44. b5 Bxb5 45. Bxe6 f4 46. Kb3 Bxc3 47. Kxc3 Kg7 48. Bd5 Kf6 49. Kd4 Kf5 50. c4 Ba4 51. Bf3 Bb3 52. Be2 Ke6 53. Bg4+ Kf6 54. Be2 Bc2 55. Kd5 Ke7 56. Bf1 Bf5 57. Bg2 Bg6 58. Be4 Bh5 59. Bf5 Be2 60. Bh3 Bd3 61. Bg2 Be2 62. Be4 Bd1 63. Bd3 Ba4 64. Ke4 Kf6 65. Kxf4 Bc6 66. Ke3 Ke5 67. f4+ Kf6 68. Kd4 Ba4 69. Kd5 Ke7 70. Be4 Bb3 71. Kd4 Ke6 72. Bd3 Ke7 73. Be2 Bc2 74. Bg4 Bb3 75. Kc3 Ba4 76. Kd4 Bb3 77. Kd3 Ba4 78. Be2 Bc6 79. Ke3 Kf6 80. Bf3 Ba4 81. Bd5 Bb3 82. Kf3 Bd1+ 83. Ke3 Bc2 84. Be4 Bb3 85. Kd4 Ba2 86. Kd5 Ke7 87. f5 Bb3 88. Bd3 Kf6 89. Kxd6 Bxc4 90. Bxc4 Kxf5 1/2-1/2

[Event "Titled Tuesday intern op 21st Mar Late"]
[Site "Chess.com INT"]
[Date "2023.03.21"]
[Round "2"]
[White "Meunier Pion, Jean"]
[Black "Ricaurte Lopez, Juan Carlos"]
[Result "0-1"]
[WhiteElo "2207"]
[BlackElo "2226"]
[PlyCount "110"]
[EventDate "2023.03.21"]
[EventType "swiss (blitz)"]
[EventRounds "11"]
[EventCountry "USA"]
[SourceTitle "EXT 2024"]
[Source "ChessBase"]
[SourceDate "2023.10.10"]
[SourceVersion "1"]
[SourceVersionDate "2023.10.10"]
[SourceQuality "1"]

1. d4 d5 2. c4 e5 3. dxe5 d4 4. Nf3 Nc6 5. g3 Bg4 6. Bg2 Qd7 7. 0-0 0-0-0 8. Bg5 Be7 9. Bf4 h6 10. Nbd2 g5 11. e6 Qxe6 12. h3 Bxf3 13. Nxf3 gxf4 14. Qa4 fxg3 15. fxg3 Nf6 16. Nh4 Rhg8 17. Nf5 Ne4 18. Rf3 Rg5 19. Nxe7+ Qxe7 20. g4 h5 21. Raf1 f6 22. Rf4 Nc5 23. Qa3 hxg4 24. h4 Re5 25. Bxc6 bxc6 26. Qxa7 Rxe2 27. Qa8+ Kd7 28. Rxd4+ Ke8 29. Qxc6+ Nd7 30. Rd3 Qe5 31. Rf2 Rxf2 32. Kxf2 Qc5+ 33. Qxc5 Nxc5 34. Rxd8+ Kxd8 35. Kg3 f5 36. b4 Ne4+ 37. Kf4 g3 38. Kf3 f4 39. a4 c5 40. b5 Kc7 41. a5 Nf6 42. a6 Kb6 43. Kg2 Nh5 44. Kf3 Ka7 45. Kg2 Ng7 46. Kf3 Nf5 47. h5 Nh4+ 48. Ke2 g2 49. Kf2 f3 50. h6 Ng6 51. h7 Kb6 52. Kg1 Nf4 53. Kh2 Ne2 54. h8Q g1Q+ 55. Kh3 Qg3# 0-1

[Event "Titled Tuesday intern op 21st Mar Late"]
[Site "Chess.com INT"]
[Date "2023.03.21"]
[Round "10"]
[White "Meunier Pion, Jean"]
[Black "Shapiro, Viktor"]
[Result "1-0"]
[WhiteElo "2207"]
[BlackElo "2192"]
[PlyCount "107"]
[EventDate "2023.03.21"]
[EventType "swiss (blitz)"]
[EventRounds "11"]
[EventCountry "USA"]
[SourceTitle "EXT 2024"]
[Source "ChessBase"]
[SourceDate "2023.10.10"]
[SourceVersion "1"]
[SourceVersionDate "2023.10.10"]
[SourceQuality "1"]

1. e4 c5 2. Nf3 d6 3. d4 cxd4 4. Nxd4 Nf6 5. Nc3 a6 6. h3 e5 7. Nde2 h5 8. g3 Be6 9. Bg2 Nbd7 10. a4 Qc7 11. b3 Rc8 12. 0-0 Be7 13. Ba3 0-0 14. Rc1 Rfd8 15. Nd5 Nxd5 16. exd5 Bf5 17. c4 Nc5 18. Nc3 Bg6 19. f4 Bd3 20. Rf2 e4 21. Bxc5 Qxc5 22. Nxe4 Bxe4 23. Bxe4 h4 24. Qh5 g6 25. Bxg6 fxg6 26. Qxg6+ Kf8 27. g4 Qd4 28. g5 Qg7 29. Qe6 Qf7 30. Qh6+ Kg8 31. Qxh4 Rf8 32. Re1 Rce8 33. Re6 Qg7 34. Qh5 Qa1+ 35. Kg2 Rf7 36. Rg6+ Kf8 37. Qh6+ Rg7 38. f5 Bxg5 39. Qxg5 Re1 40. Qd8+ Kf7 41. Qd7+ Kg8 42. Qxg7+ Qxg7 43. Rxg7+ Kxg7 44. f6+ Kf7 45. Rf3 Re2+ 46. Kg3 Rb2 47. h4 Rc2 48. h5 b5 49. axb5 axb5 50. h6 bxc4 51. h7 cxb3 52. h8Q b2 53. Qg7+ Ke8 54. Qe7# 1-0